Personal Top 100 Literators - Statistics

General Stats
  • This quiz has been taken 29 times
  • The average score is 43 of 100
Answer Stats
Picture Hint Answer % Correct
The Fall of the House of Usher Edgar Allan Poe
100%
For Whom the Bell Tolls Ernest Hemingway
95%
War and Peace Leo Tolstoy
95%
Romeo and Juliet William Shakespeare
95%
1984 George Orwell
90%
Odyssey Homer
90%
Pride and Prejudice Jane Austen
90%
Harry Potter J. K. Rowling
90%
The Lord of the Rings J. R. R. Tolkien
90%
The Adventures of Sherlock Holmes Arthur Conan Doyle
85%
Do Androids Dream of Electric Sheep? Philip K. Dick
85%
11/22/63 Stephen King
85%
The Divine Comedy Dante Aligheri
80%
The Adventures of Tom Sawyer Mark Twain
80%
The Portrait of Dorian Gray Oscar Wilde
80%
Les Miserables Victor Hugo
80%
Dombey and Son Charles Dickens
75%
The Great Gatsby F. Scott Fitzgerald
75%
Game of Thrones George R. R. Martin
75%
The Trial Franz Kafka
70%
Ulysses James Joyce
70%
Alice's Adventures in Wonderland Lewis Carroll
70%
On the Road Jack Kerouac
65%
The Grapes of Wrath John Steinbeck
65%
Fahrenheit 451 Ray Bradbury
65%
Pygmalion George Bernard Shaw
60%
The Time Machine H. G. Wells
60%
Fear and Loathing in Las Vegas Hunter S. Thompson
60%
The Catcher in the Rye J. D. Salinger
60%
Midnight's Children Salman Rushdie
60%
Brave New World Aldous Huxley
55%
Dune Frank Herbert
55%
Der Steppenwolf Hermann Hesse
55%
Foundation and Empire Isaac Asimov
55%
Peter Pan J. M. Barrie
55%
Heart of Darkness Joseph Conrad
55%
Catch-22 Joseph Heller
55%
Cat's Cradle Kurt Vonnegut
55%
Lolita Vladimir Nabokov
55%
The Plague Albert Camus
50%
The Hitchhiker's Guide to the Galaxy Douglas Adams
45%
All Quiet on the Western Front Erich Maria Remarque
45%
Tropic of Cancer Henry Miller
45%
The Call of Cthulhu H.P. Lovecraft
45%
The Girl with the Dragon Tattoo (Men Who Hate Women) Stieg Larrson
45%
The Silence of the Lambs Thomas Harris
45%
Watchmen Alan Moore
40%
The Little Prince Antoine de Saint-Exupery
40%
Uncle Vanya Anton Chekhov
40%
Nausea Jean-Paul Sartre
40%
Mysterious Island Jules Verne
40%
The Gift of the Magi O. Henry
40%
Starship Troopers Robert A. Heinlein
40%
The Discworld Terry Pratchett
40%
Fight Club Chuck Palahniuk
35%
Rendezvous with Rama Arthur C. Clarke
30%
Flowers for Algernon Daniel Keyes
30%
The Decameron Giovanni Boccaccio
30%
I Have No Mouth, and I Must Scream Harlan Ellison
30%
In Praise of Folly Erasmus of Rotterdam
25%
The Wasp Factory Iain Banks
25%
Three Men in the Boat Jerome K. Jerome
25%
The Curious Incident of the Dog in the Night-Time Mark Haddon
25%
Zen and the Art of Motorcycle Maintenance Robert M. Pirsig
25%
The Invincible Stanislaw Lem
25%
Crimson Sails Alexander Grin
20%
Fathers and Sons Ivan Turgenev
20%
The Good Soldier Schweik Jaroslav Hasek
20%
High-Rise J. G. Ballard
20%
Journey to the End of the Night Louis-Ferdinand Celine
20%
Taras Bulba Nikolai Gogol
20%
Neuromancer William Gibson
20%
The Moon and Sixpence W. Somerset Maugham
20%
American Psycho Bret Easton Ellis
15%
The Old Woman Daniil Kharms
15%
Hyperion Dan Simmons
15%
Microserfs Douglas Coupland
15%
The Twelve Chairs Ilya Ilf and Evgeny Petrov
15%
Oblomov Ivan Goncharov
15%
Martin Eden Jack London
15%
War with the Newts Karel Capek
15%
The New York Trilogy Paul Auster
15%
I am Legend Richard Matheson
15%
Roadside Picnic Strigatsky brothers
15%
Kobzar Taras Shevchenko
15%
Einstein's Dreams Alan Lightman
10%
Petersburg Andrei Bely
10%
The Foundation Pit Andrei Platonov
10%
The Young Lions Irwin Shaw
10%
The Collector John Fowles
10%
Death with Interruptions Jose Saramago
10%
Beyond the Pale of Vengeance Kan Kikuchi
10%
The Woman in the Dunes Kobo Abe
10%
The Red Laugh Leonid Andreyev
10%
Kolyma Tales Varlam Shalamov
10%
Generation P Victor Pelevin
10%
Blue Lard Vladimir Sorokin
10%
The Twelve Alexander Blok
5%
The Black Dahlia James Ellroy
5%
Immortality, Inc. Robert Sheckley
5%
No matching quizzes found
Score Distribution
Percent of People with Each Score
Percentile by Number Answered
Your Score History
You have not taken this quiz